Forjadores del mundo moderno

Gespeichert in:
Bibliographische Detailangaben
1. Verfasser: Untermeyer, Louis (VerfasserIn)
Format: Buch
Sprache:Spanisch
Veröffentlicht: Ciudad de México Grijalbo 1968
Ausgabe:2a. ed
Schriftenreihe:Biografías Gandesa
Schlagworte:
Tags: Tag hinzufügen
Keine Tags, Fügen Sie den ersten Tag hinzu!

MARC

LEADER 00000nam a2200000 a 4500
001 UCT3051
003 CL-VaPUC
008 961018e19681200MX |||||||||||||||||spa|d
082 0 4 |a 920.009  |b UNT  |2 21 
100 0 |a Untermeyer, Louis  |e author  |9 372041 
245 1 0 |a Forjadores del mundo moderno 
246 1 3 |a La vida de escritores, artistas, científicos, estadistas, inventores, filósofos, compositores y otros creadores que han cambiado la faz del mundo 
250 |a 2a. ed 
300 |a v 
942 |c BK 
945 |d 19961018 00:00:00  |a cmena 
260 |a Ciudad de México  |b Grijalbo  |c 1968 
500 |a v.1: 1776 a 1844 
500 |a v.2: 1845 a 1874 
500 |a v.3: 1875 a 1914 
500 |a v.4: 1642 a 1766 
500 |a v.5: 1767 a 1836 
500 |a v.6: 1836 a 1880 
500 |a v.7: 1881 a 1934 
650 0 |a Historia moderna  |9 268036 
650 0 |a Biografías  |9 255210 
650 0 |a Escritores  |9 313723 
650 0 |a Científicos   |9 262025 
650 7 |a INVENTOS  |2 CL-VaPUC  |9 266077 
650 0 |a Filósofos   |9 269126 
650 0 |a Cambio social   |9 256857 
650 7 |a DESARROLLO CIENTIFICO Y TECNOLOGICO  |2 CL-VaPUC  |9 259101 
583 |a last modification  |c 19961018 00:00:00  |k Rodrigo Vera 
490 0 |a Biografías Gandesa 
999 |c 252881  |d 252879